Koučovanie v praxi: ako ho správne rozvíjať?

Pohľad na koučovanie na pracovisku verejnej správy a v rámci obchodných aktivít istej firmy.

Enregistré dans:
Détails bibliographiques
Auteur principal: Záborská, Jarmila
Format: Chapitre de livre
Langue:slovaque
Sujets:
Tags: Ajouter un tag
Pas de tags, Soyez le premier à ajouter un tag!

MARC

LEADER 00000naa a2200000 4500
001 0256038
005 20190613065428.3
041 0 |a slo 
044 |a SK 
245 1 0 |a Koučovanie v praxi: ako ho správne rozvíjať?  |c Jarmila Záborská 
520 |a Pohľad na koučovanie na pracovisku verejnej správy a v rámci obchodných aktivít istej firmy. 
610 2 0 |a koučovanie 
610 2 0 |a správa verejná 
610 2 0 |a výkony pracovné 
610 2 0 |a manažéri 
610 2 0 |a poradenstvo kariérové 
610 2 0 |a poradenstvo profesionálne 
100 1 |a Záborská, Jarmila